| 000 | 00765nam a2200253 a 4500 | ||
|---|---|---|---|
| 003 | SISC | ||
| 005 | 20160711143056.0 | ||
| 008 | 091116s19uu xx 00 eng d | ||
| 020 | _a9780071285490 | ||
| 020 | _a9789814698863 | ||
| 050 |
_aT 58.6 _b.R462 2015 |
||
| 100 | _aReynolds, George. | ||
| 245 |
_aInformation systems essentials / _cGeorge Reynolds, Ralph M. Stair. |
||
| 250 | _a7th edition. | ||
| 260 |
_aAndover : _bCengage Learning, _c2015. |
||
| 300 |
_axxxii, 522 pages : _billustrations ; _c27 cm. |
||
| 500 | _aIncludes bibliographical references, glossary and index. | ||
| 650 | _aInformation system. | ||
| 650 | _aInformation technology. | ||
| 700 | _aStair, Ralph M. | ||
| 942 |
_cBK _2lcc _kFOR |
||
| 999 |
_c296240 _d296240 |
||